The noble scholar, jurist, historian


 His Excellency Dr. Abdul Wahhab bin Ibrahim Abu Sulaiman, may Allah have mercy on him.


 He was born in Umm Al-Qura in the year 1356 AH.

الاقتصاد الإسلامي : (Record no. 9095)

MARC details
000 -LEADER
fixed length control field 01061cam a2200253 i 4500
003 - CONTROL NUMBER IDENTIFIER
control field SA-RiAUC
005 - DATE AND TIME OF LATEST TRANSACTION
control field 20250620150451.0
008 - FIXED-LENGTH DATA ELEMENTS--GENERAL INFORMATION
fixed length control field 250602s1973 ua g i000 0 ara c
040 ## - CATALOGING SOURCE
Original cataloging agency AE-AiULD
Language of cataloging ara
Transcribing agency SA-RiAUC
Description conventions rda
050 #4 - LIBRARY OF CONGRESS CALL NUMBER
Item number .A23 1973
082 04 - DEWEY DECIMAL CLASSIFICATION NUMBER
Classification number 330.121
090 ## - LOCALLY ASSIGNED LC-TYPE CALL NUMBER (OCLC); LOCAL CALL NUMBER (RLIN)
Classification number (OCLC) (R) ; Classification number, CALL (RLIN) (NR) 330.121
Local cutter number (OCLC) ; Book number/undivided call number, CALL (RLIN) ا ب ا
100 1# - MAIN ENTRY--PERSONAL NAME
Personal name أباظة، إبراهيم دسوقي،
Titles and words associated with a name باشا،
Dates associated with a name 1889-1953
Relator term مؤلف.
245 12 - TITLE STATEMENT
Title الاقتصاد الإسلامي :
Remainder of title مقوماته ومنهاجه /
Statement of responsibility, etc. إبراهيم دسوقي أباظة ؛ مراجعة علي عبد الواحد وافي.
264 #1 - PRODUCTION, PUBLICATION, DISTRIBUTION, MANUFACTURE, AND COPYRIGHT NOTICE
Place of production, publication, distribution, manufacture القاهرة :
Name of producer, publisher, distributor, manufacturer الاتحاد الدولي للبنوك الإسلامية،
Date of production, publication, distribution, manufacture, or copyright notice 1973
300 ## - PHYSICAL DESCRIPTION
Extent 159 صفحة ؛
Dimensions 24 سم
336 ## - CONTENT TYPE
Content type term نص
Content type code txt
Source rdacontent
Materials specified كتاب
337 ## - MEDIA TYPE
Media type term بدون وسيط
Media type code n
Source rdamedia
338 ## - CARRIER TYPE
Carrier type term مجلد
Carrier type code nc
Source rdacarrier
650 #7 - SUBJECT ADDED ENTRY--TOPICAL TERM
Topical term or geographic name entry element الإسلام والاقتصاد
Source of heading or term aucsh
700 1# - ADDED ENTRY--PERSONAL NAME
Personal name وافي، علي عبد الواحد،
Dates associated with a name 1901-1991
Relator term مراجع.
942 ## - ADDED ENTRY ELEMENTS (KOHA)
Source of classification or shelving scheme Dewey Decimal Classification
Koha item type Books
Suppress in OPAC No
949 ## - LOCAL PROCESSING INFORMATION (OCLC)
a SA-JeALM
d 250602
u osman123
n 1
Holdings
Withdrawn status Lost status Source of classification or shelving scheme Damaged status Not for loan Home library Current library Date acquired Total checkouts Full call number Barcode Date last seen Price effective from Koha item type
    Dewey Decimal Classification     DR AbdElwahab Library DR AbdElwahab Library 06/20/2025   330.121 ا ب ا 000014868 06/20/2025 06/20/2025 Books